| 000 | 01453cam a22002655a 4500 | ||
|---|---|---|---|
| 001 | L156495 | ||
| 002 | 18690 | ||
| 008 | 170712s2012 xxk f 001 0 eng d | ||
| 020 | _a9781905959440 | ||
| 035 | _a(Sirsi) u156495 | ||
| 041 | 0 | _aeng | |
| 050 | 0 | 4 | _a690 $2 18 |
| 100 | 1 | _aBrinkley, Mark | |
| 245 | 0 | 4 | _aThe housebuilder's bible |
| 250 | _a9th ed. | ||
| 260 |
_aCzech Republic _bOvolo Books _c2011 |
||
| 300 |
_a424 p. _bill _c24cm |
||
| 505 | 2 | _aBefore you start -- The benchmark house -- Pitfalls -- Design -- Project management -- Groundworks -- Superstructure -- Heating &plumbing -- wiring -- finishes -- Room by room -- Adding extra space -- Shopping -- Green issues -- Apocrypha. | |
| 520 | _aThis new edition has been completely redesigned with new tables and improved illustrations. The author is an experienced house builder and renovator and much of the detail in the book is drawn from trade experience. The ninth edition has been fully revised and updated to reflect recent changes in prices, Building Regulations and other legislation. It also includes an expanded green building section, more information on extensions and a snagging list. It's an ideal companion for anybody, self builder or professional, who wants to know more about building well and on a budget. | ||
| 521 | _aAdvanced | ||
| 650 | 2 | 4 |
_aConstruction management _96230 |
| 651 | 4 |
_aUnited Kingdom _y |
|
| 690 | _aDesign and specification | ||
| 942 | _n0 | ||
| 999 |
_c114277 _d114277 |
||